000
00235nam a22000857a 4500
008
160708b xxu||||| |||| 00| 0 eng d
100
_9
2408
_a
Herman., et al
245
_a
Science for Work and Play
260
_a
London
_b
D.C.Heath & Com.
_c
1973
999
_c
2083
_d
2083